000 006850000a22001810004500
003 MACL
005 20160731131510.0
008 160731b xxu||||| |||| 00| 0 eng d
040 _aMACL
_cMACL
041 _aHindi
082 _a340 BAG
100 _aबांगिया, जे. डी
_965893
245 _aकुटुम्‍ब न्‍यायालय अधिनियम, 1984 एवं म. प्र. कुटुम्‍ब न्‍यायालय नियम, 2002
_cजे. डी. बांगिया
260 _aभोपाल
_bसुविधा लॉ हाउस
_c2005
350 _a25
650 _aलॉ
_933609
942 _cHIN
_k340
_2ddc
999 _c48589
_d48589